[Event "C.to Regionale Piemonte"]
[Site "Torino ITA"]
[Date "2005.04.??"]
[Round "3"]
[White "Faraoni, Enrico"]
[Black "Castaldo, Folco"]
[Result "1/2-1/2"]
[WhiteElo "2151"]
[BlackElo "2361"]
[PlyCount "96"]
[EventDate "2005.04.21"]

1. e4 e6 2. d4 d5 3. Nd2 Be7 4. Ngf3 Nf6 5. e5 Nfd7 6. Bd3 c5 7. c3 Nc6 8. O-O
a5 9. Re1 cxd4 10. cxd4 Qb6 11. a3 g5 12. Nf1 g4 13. Ng5 Qxd4 14. Be3 Qxe5 15.
Qxg4 Rg8 16. f4 Qg7 17. Qe2 h6 18. Nf3 Nc5 19. Bb5 Bd7 20. Ng3 Rc8 21. Rac1 Ne4
22. Nxe4 dxe4 23. Ne5 f6 24. Qh5+ Kd8 25. Bb6+ Rc7 26. Nxc6+ bxc6 27. Bf1 f5
28. Qe2 Qg4 29. Qa6 Bd6 30. Rcd1 Qxf4 31. Qa8+ Bc8 32. g3 Ke7 33. Qxa5 Rd7 34.
Rxd6 Rxd6 35. Bc5 Kf6 36. Qc3+ Kf7 37. Bxd6 Qxd6 38. Be2 Rd8 39. Rd1 Qc7 40.
Bh5+ Kg8 41. Rc1 Rd6 42. Qe3 Qg7 43. b4 Ba6 44. a4 Qg5 45. Qc5 Qd8 46. Qe3 Qg5
47. Qc5 Qd8 48. Qe3 Qg5 1/2-1/2

[Event "C.to Regionale Piemonte"]
[Site "Torino ITA"]
[Date "2005.04.??"]
[Round "3"]
[White "Geuna, Giuseppe"]
[Black "Gambarino, Federico"]
[Result "0-1"]
[WhiteElo "1890"]
[BlackElo "1610"]
[PlyCount "94"]
[EventDate "2005.04.21"]

1. e4 c6 2. d4 d5 3. e5 c5 4. c3 Nc6 5. Bb5 e6 6. Ne2 Bd7 7. O-O Nxe5 8. Bxd7+
Nxd7 9. f4 Nh6 10. Nd2 Be7 11. Nf3 Qb6 12. Ne5 Nxe5 13. fxe5 Nf5 14. Kh1 O-O
15. a4 Rac8 16. a5 Qc7 17. Nf4 cxd4 18. cxd4 Rfd8 19. g4 Nh4 20. Rf2 Qc4 21.
Be3 Rc6 22. Nh5 Rdc8 23. Qg1 Qd3 24. Rf4 Bg5 25. Rd1 Qc2 26. Rd2 Qc1 27. Rd1
Qxb2 28. Rdf1 Bxf4 29. Bxf4 Qc2 30. Qg3 Qe4+ 31. Kg1 Ng6 32. Bh6 Qxd4+ 33. Be3
Qxe5 34. Qf2 R8c7 35. Bd4 Qg5 36. h3 Rc1 37. Bxg7 Rxf1+ 38. Kxf1 Qc1+ 39. Qe1
Qxe1+ 40. Kxe1 Rc5 41. Bd4 Rxa5 42. Nf6+ Kf8 43. Nxh7+ Ke7 44. Bf6+ Ke8 45. h4
Ra4 46. h5 Rxg4 47. hxg6 Rxg6 0-1

[Event "C.to Regionale Piemonte"]
[Site "Torino ITA"]
[Date "2005.04.??"]
[Round "3"]
[White "Llupa, Oltjon"]
[Black "Berutti, Mario"]
[Result "1-0"]
[WhiteElo "2000"]
[BlackElo "1877"]
[PlyCount "53"]
[EventDate "2005.04.21"]

1. d4 d5 2. c4 e6 3. Nc3 f5 4. Nf3 Nf6 5. Bg5 c6 6. e3 Bd6 7. Qc2 O-O 8. Bd3
Nbd7 9. Nd2 Qe8 10. cxd5 cxd5 11. Nb5 Bb8 12. Nc7 Bxc7 13. Qxc7 Ne4 14. Bxe4
fxe4 15. Bf4 Qg6 16. O-O h5 17. f3 Nf6 18. Be5 h4 19. fxe4 Rf7 20. Qd8+ Kh7 21.
Rf4 Qh6 22. Nf3 Rd7 23. Qf8 Nh5 24. Rxh4 b6 25. Bf4 g5 26. Nxg5+ Kg6 27. Qe8+
1-0

[Event "C.to Regionale Piemonte"]
[Site "Torino ITA"]
[Date "2005.04.??"]
[Round "3"]
[White "Ragni, Paolo"]
[Black "Pulito, Alberto"]
[Result "1/2-1/2"]
[WhiteElo "2105"]
[BlackElo "2202"]
[PlyCount "62"]
[EventDate "2005.04.21"]

1. Nf3 d5 2. g3 Nf6 3. Bg2 e6 4. O-O Bd6 5. d3 O-O 6. Nbd2 c6 7. e4 e5 8. Re1
Re8 9. c3 a5 10. Nf1 Nbd7 11. Nh4 dxe4 12. dxe4 Nc5 13. Qc2 Be6 14. Ne3 g6 15.
Rd1 Qc7 16. Bd2 a4 17. f3 Bf8 18. Bf1 Rad8 19. Nhg2 Nh5 20. Be2 b6 21. c4 Bc8
22. Bc3 Bg7 23. Rxd8 Rxd8 24. Rd1 Rxd1+ 25. Qxd1 Nf6 26. Ne1 Nfd7 27. Nd3 Nxd3
28. Bxd3 Nc5 29. Be2 Qd7 30. Qxd7 Bxd7 31. Kf1 Ne6 1/2-1/2

[Event "C.to Regionale Piemonte"]
[Site "Torino ITA"]
[Date "2005.04.??"]
[Round "3"]
[White "Ratti, Marco"]
[Black "Parodi, Alessandro"]
[Result "1-0"]
[WhiteElo "1991"]
[BlackElo "1772"]
[PlyCount "77"]
[EventDate "2005.04.21"]

1. d4 Nf6 2. c4 g6 3. Nc3 Bg7 4. e4 d6 5. Be2 O-O 6. f4 c5 7. d5 e6 8. Nf3 exd5
9. e5 dxe5 10. fxe5 Ng4 11. Bg5 f6 12. exf6 Nxf6 13. cxd5 Qb6 14. O-O Bf5 15.
Na4 Qd6 16. Nd2 Kh8 17. Nc4 Qc7 18. Bf4 Qd8 19. Nxc5 Qxd5 20. Qxd5 Nxd5 21. Bd6
Bd4+ 22. Kh1 Rf7 23. Bf3 Bxc5 24. Bxd5 Rd7 25. Bxb7 Rxb7 26. Bxc5 Rc7 27. Bd4+
Kg8 28. Nd6 Bd3 29. Rfd1 Rd7 30. Rxd3 Rxd6 31. Rad1 Nc6 32. Bc3 Rxd3 33. Rxd3
a5 34. Kg1 Nb4 35. Rd7 h5 36. Rg7+ Kf8 37. Rxg6 Nxa2 38. Rh6 Kf7 39. Be1 1-0

[Event "C.to Regionale Piemonte"]
[Site "Torino ITA"]
[Date "2005.04.??"]
[Round "3"]
[White "Sorcinelli, Francesco"]
[Black "Banchio, Davide"]
[Result "1-0"]
[WhiteElo "2088"]
[BlackElo "1958"]
[PlyCount "43"]
[EventDate "2005.04.21"]

1. Nf3 d5 2. c4 c6 3. g3 Nf6 4. Bg2 e6 5. b3 Bd6 6. d4 Ne4 7. O-O O-O 8. Nfd2
f5 9. e3 Nd7 10. f3 Nxg3 11. hxg3 Bxg3 12. f4 Qh4 13. Nf3 Qh5 14. Bd2 Nf6 15.
Be1 Ne4 16. Bxg3 Nxg3 17. Ne5 Qh6 18. Rf3 Ne4 19. Rh3 Qf6 20. Nd2 Qe7 21. Nxe4
fxe4 22. Qh5 1-0

[Event "C.to Regionale Piemonte"]
[Site "Torino ITA"]
[Date "2005.04.??"]
[Round "3"]
[White "Stroppa, Daniel"]
[Black "Fuggetta, Leonardo"]
[Result "0-1"]
[WhiteElo "2239"]
[BlackElo "2037"]
[PlyCount "64"]
[EventDate "2005.04.21"]

1. e4 d6 2. d4 Nf6 3. f3 g6 4. Be3 Bg7 5. Qd2 c6 6. Nc3 b5 7. g4 Qa5 8. h4 h5
9. g5 Nfd7 10. a3 Bb7 11. Nge2 a6 12. Nc1 Qc7 13. Nd3 c5 14. dxc5 dxc5 15.
O-O-O O-O 16. Nf4 e6 17. Bh3 Ne5 18. Qf2 b4 19. Nb1 Nc4 20. Nd3 Nxe3 21. Qxe3
Bd4 22. Qe2 Nd7 23. axb4 cxb4 24. Nxb4 Qb6 25. c3 Be3+ 26. Kc2 a5 27. Nd3 Ba6
28. Rhe1 Bf4 29. Qg2 Bxd3+ 30. Rxd3 Nc5 31. Ree3 Qb3+ 32. Kd2 Nxd3 0-1

[Event "C.to Regionale Piemonte"]
[Site "Torino ITA"]
[Date "2005.04.??"]
[Round "3"]
[White "Tacchino, Stefano"]
[Black "Nardelli, Marco"]
[Result "0-1"]
[WhiteElo "2097"]
[BlackElo "2066"]
[PlyCount "103"]
[EventDate "2005.04.21"]

1. d4 Nf6 2. Nf3 e6 3. Bg5 Be7 4. e3 b6 5. Bd3 Bb7 6. Nbd2 d6 7. c3 Nbd7 8. O-O
O-O 9. Qe2 Nd5 10. Bxe7 Qxe7 11. g3 e5 12. e4 N5f6 13. d5 Ne8 14. Nh4 g6 15.
Qg4 Ng7 16. Qh3 Nc5 17. Bc2 Ba6 18. c4 Bc8 19. Qg2 a5 20. Rae1 Bd7 21. Nb3 Na4
22. Bb1 Nxb2 23. f4 Nxc4 24. f5 gxf5 25. exf5 f6 26. Nd4 Rf7 27. Rf4 exf4 28.
Rxe7 Rxe7 29. Kf2 fxg3+ 30. hxg3 Re5 31. Ne6 Ne3 32. Qf3 Nxd5 33. Be4 c6 34.
Bxd5 cxd5 35. Qg4 Bxe6 36. fxe6 Re8 37. Qd4 Nxe6 38. Qxb6 Ng5 39. Qxa5 d4 40.
Qb4 d3 41. Qc4+ d5 42. Qxd3 Ne4+ 43. Kg2 Rc8 44. a4 Rc3 45. Qa6 Rxg3+ 46. Kh2
Rh5 47. Qc8+ Kg7 48. Qc7+ Kh6 49. Qf4+ Rhg5 50. a5 Nc5 51. Qxf6+ Rg6 52. Qf8+
0-1

[Event "C.to Regionale Piemonte"]
[Site "Torino ITA"]
[Date "2005.04.??"]
[Round "3"]
[White "Vinciguerra, Marco"]
[Black "Fortino, Fabrizio"]
[Result "0-1"]
[WhiteElo "2113"]
[BlackElo "1972"]
[PlyCount "76"]
[EventDate "2005.04.21"]

1. e4 c5 2. d4 cxd4 3. c3 g6 4. cxd4 d5 5. e5 Nc6 6. Nc3 Bg7 7. Bb5 Nh6 8. Bg5
O-O 9. Qd2 Nf5 10. Nf3 f6 11. Bf4 h5 12. h4 Be6 13. Rc1 Qa5 14. Rg1 Rac8 15.
Bxc6 bxc6 16. Qe2 Rfe8 17. g4 hxg4 18. Rxg4 Nxd4 19. Nxd4 Bxg4 20. Qxg4 Qb6 21.
Ne6 Kf7 22. Nxg7 Kxg7 23. h5 g5 24. e6 Qb4 25. h6+ Kg6 26. Ke2 Qxf4 27. Qxf4
gxf4 28. Kf3 Kxh6 29. Kxf4 Rg8 30. Rh1+ Kg7 31. Ne2 c5 32. Ng3 Rc6 33. Kf5 Rh8
34. Rg1 Kf8 35. Ne2 Rh5+ 36. Kg6 Rg5+ 37. Rxg5 fxg5 38. Kf5 d4 0-1

[Event "C.to Regionale Piemonte"]
[Site "Torino ITA"]
[Date "2005.04.??"]
[Round "4"]
[White "Banchio, Davide"]
[Black "Astengo, Marcello"]
[Result "1/2-1/2"]
[WhiteElo "1958"]
[BlackElo "2120"]
[PlyCount "98"]
[EventDate "2005.04.21"]

1. e4 e6 2. d4 d5 3. e5 c5 4. Qg4 Nc6 5. Nf3 Qa5+ 6. Nbd2 Nh6 7. Qg5 Nf5 8.
dxc5 h6 9. Qh5 g6 10. Qg4 Bg7 11. Bd3 Nxe5 12. Nxe5 Bxe5 13. b4 Qa4 14. Qe2
Bxa1 15. Bb5+ Bd7 16. Bxa4 Bxa4 17. Nb3 Bg7 18. O-O O-O 19. Bf4 a6 20. Rd1 Bb5
21. Qe1 Rad8 22. Na5 Rd7 23. Be5 f6 24. Bd6 Nxd6 25. cxd6 Kf7 26. Qe3 Rc8 27.
Re1 e5 28. Qf3 e4 29. Qb3 Bc4 30. Nxc4 dxc4 31. Qh3 f5 32. Rxe4 Rxd6 33. Qf3
Rcd8 34. Re1 R8d7 35. g3 b5 36. Qe3 Kg8 37. Qe8+ Kh7 38. Re6 Rxe6 39. Qxe6 Rd2
40. Qxa6 Rxc2 41. Qxb5 c3 42. a4 Rd2 43. Kg2 c2 44. Qc4 Bb2 45. Qc7+ Kh8 46.
Qc8+ Kh7 47. Qc7+ Kh8 48. Qc8+ Kh7 49. Qc7+ Kh8 1/2-1/2

[Event "C.to Regionale Piemonte"]
[Site "Torino ITA"]
[Date "2005.04.??"]
[Round "4"]
[White "Berutti, Mario"]
[Black "Geuna, Giuseppe"]
[Result "0-1"]
[WhiteElo "1877"]
[BlackElo "1890"]
[PlyCount "30"]
[EventDate "2005.04.21"]

1. d4 Nf6 2. f4 c5 3. e3 Nc6 4. Nf3 d6 5. c3 Bg4 6. Bd3 e5 7. fxe5 dxe5 8. dxe5
Nxe5 9. Bb5+ Ned7 10. O-O Be7 11. h3 Bh5 12. g4 Bg6 13. Ne5 Qc7 14. g5 Qxe5 15.
gxf6 Qg3+ 0-1

[Event "C.to Regionale Piemonte"]
[Site "Torino ITA"]
[Date "2005.04.??"]
[Round "4"]
[White "Castaldo, Folco"]
[Black "Ragni, Paolo"]
[Result "1-0"]
[WhiteElo "2361"]
[BlackElo "2105"]
[PlyCount "179"]
[EventDate "2005.04.21"]

1. Nf3 Nf6 2. c4 g6 3. Nc3 Bg7 4. e4 d6 5. d4 O-O 6. Be2 e5 7. d5 Nbd7 8. Bg5
h6 9. Bh4 a5 10. Nd2 c6 11. f3 Qc7 12. g4 Nh7 13. Nf1 Re8 14. Ne3 Ndf8 15. Qd2
f6 16. Rf1 Rd8 17. Bf2 c5 18. h4 Qf7 19. Bd3 Re8 20. Ke2 b6 21. Rg1 Rb8 22. Nf1
Rb7 23. Be3 g5 24. h5 Nd7 25. Nb5 Qe7 26. Ng3 Nb8 27. Rab1 Na6 28. Kf2 Nf8 29.
Kg2 Nc7 30. Rgc1 Nxb5 31. cxb5 Bd7 32. b3 Ra8 33. a3 Rba7 34. Qe2 Qe8 35. Nf1
Nh7 36. Nd2 Bf8 37. Rc2 Be7 38. Ra2 Bd8 39. Rba1 Bc7 40. Nb1 Kg7 41. Nc3 Nf8
42. Bc2 Nh7 43. Qc4 Qc8 44. Bd1 Nf8 45. Be2 Nh7 46. Kf2 Nf8 47. Ke1 Nh7 48. Kd2
Nf8 49. Kc2 Nh7 50. Kb2 Nf8 51. Kc1 Be8 52. Kd1 Bd7 53. Ke1 Be8 54. Kf1 Bd7 55.
Kg2 Be8 56. Kg3 Bd7 57. Kf2 Be8 58. Na4 Nd7 59. Kg2 Kh7 60. Nb2 Kg7 61. Nd3 Nf8
62. Nb2 Nd7 63. Qc2 Nf8 64. Bc4 Bd7 65. Qe2 Be8 66. Nd3 Bd7 67. Kg3 Be8 68. b4
Nd7 69. bxa5 Rxa5 70. a4 R5a7 71. Bb3 Qd8 72. Nb2 Kh7 73. Nc4 Kg7 74. Ra3 Kh7
75. Qb2 Qb8 76. R1a2 Kg7 77. Bc2 Kf7 78. Bd3 Kg7 79. Bd2 Kf7 80. Qa1 Ke7 81. a5
Bd8 82. axb6 Rxa3 83. Rxa3 Rxa3 84. Qxa3 Bxb6 85. Qa6 Qa7 86. Nxb6 Qxa6 87.
bxa6 Nxb6 88. Ba5 Na8 89. a7 Ba4 90. Ba6 1-0

[Event "C.to Regionale Piemonte"]
[Site "Torino ITA"]
[Date "2005.04.??"]
[Round "4"]
[White "Fortino, Fabrizio"]
[Black "Sorcinelli, Francesco"]
[Result "0-1"]
[WhiteElo "1972"]
[BlackElo "2088"]
[PlyCount "88"]
[EventDate "2005.04.21"]

1. e4 e5 2. f4 d5 3. exd5 exf4 4. Nf3 Nf6 5. Be2 Nxd5 6. c4 Nf6 7. d4 Bb4+ 8.
Nc3 O-O 9. O-O Bg4 10. Bxf4 Nc6 11. d5 Bxf3 12. Bxf3 Ne7 13. Kh1 Ng6 14. Bg3
Bd6 15. Ne2 Re8 16. Qc2 Qd7 17. Bxd6 cxd6 18. Ng3 Rac8 19. Qf5 Qc7 20. b3 Re5
21. Qd3 Rce8 22. Rac1 b6 23. b4 Qd7 24. h3 Nf4 25. Qd2 g5 26. Rce1 h5 27. Rxe5
Rxe5 28. h4 Ng4 29. hxg5 Ne3 30. Re1 Nxc4 31. Qxf4 Rxe1+ 32. Kh2 Ne5 33. Bxh5
Ng6 34. Bxg6 fxg6 35. Ne4 Qe7 36. Nxd6 Qe5 37. Kg3 Qxf4+ 38. Kxf4 Kf8 39. Nc8
Ke8 40. Nxa7 Kd7 41. Nb5 Rf1+ 42. Kg4 Rd1 43. Nc3 Rd4+ 44. Kf3 Rd3+ 0-1

[Event "C.to Regionale Piemonte"]
[Site "Torino ITA"]
[Date "2005.04.??"]
[Round "4"]
[White "Gambarino, Federico"]
[Black "Tacchino, Stefano"]
[Result "0-1"]
[WhiteElo "1610"]
[BlackElo "2097"]
[PlyCount "56"]
[EventDate "2005.04.21"]

1. e4 c5 2. Nf3 Nc6 3. d4 cxd4 4. Nxd4 Nf6 5. Nc3 e5 6. Ndb5 d6 7. Bg5 a6 8.
Bxf6 gxf6 9. Na3 b5 10. Nd5 f5 11. c3 Bg7 12. exf5 Bxf5 13. Nc2 O-O 14. Nce3
Be6 15. Bd3 f5 16. O-O e4 17. Nf4 Bf7 18. Bc2 Be5 19. Nfd5 Be6 20. f3 f4 21.
Ng4 e3 22. Qd3 Ra7 23. a4 b4 24. Nxe5 Nxe5 25. Qd4 Rg7 26. Nxf4 Qg5 27. g3 Rxf4
28. Qxf4 Qxf4 0-1

[Event "C.to Regionale Piemonte"]
[Site "Torino ITA"]
[Date "2005.04.??"]
[Round "4"]
[White "Nardelli, Marco"]
[Black "Ratti, Marco"]
[Result "1-0"]
[WhiteElo "2066"]
[BlackElo "1991"]
[PlyCount "79"]
[EventDate "2005.04.21"]

1. e4 Nf6 2. e5 Nd5 3. d4 d6 4. Nf3 Bg4 5. Be2 e6 6. h3 Bh5 7. c4 Nb6 8. exd6
cxd6 9. Nc3 Be7 10. d5 e5 11. g4 Bg6 12. h4 h5 13. g5 N8d7 14. Be3 Rc8 15. b3
Bf5 16. Nd2 g6 17. Nf1 Nb8 18. Ng3 Bd7 19. Bd3 Na6 20. a3 Nc5 21. Bxc5 Rxc5 22.
Qe2 Qc8 23. f3 Rc7 24. Qe4 Kd8 25. Qe3 Qb8 26. a4 Nc8 27. O-O Bf8 28. f4 Bg7
29. f5 Be8 30. f6 Bf8 31. Nce4 a6 32. Rfc1 Qa7 33. Qxa7 Nxa7 34. b4 b6 35. Nc3
Bd7 36. a5 b5 37. cxb5 Rxc3 38. Rxc3 Nxb5 39. Bxb5 Bxb5 40. Rac1 1-0

[Event "C.to Regionale Piemonte"]
[Site "Torino ITA"]
[Date "2005.04.??"]
[Round "4"]
[White "Parodi, Alessandro"]
[Black "Stroppa, Daniel"]
[Result "0-1"]
[WhiteElo "1772"]
[BlackElo "2239"]
[PlyCount "132"]
[EventDate "2005.04.21"]

1. d4 c5 2. d5 e5 3. c4 d6 4. Nc3 g6 5. e4 Bg7 6. g3 Ne7 7. Bg2 O-O 8. h4 Na6
9. h5 f6 10. hxg6 hxg6 11. Bh6 Bxh6 12. Rxh6 Kg7 13. Qd2 Nc7 14. Nf3 Rh8 15.
Rxh8 Qxh8 16. O-O-O Qh6 17. Qxh6+ Kxh6 18. Rh1+ Kg7 19. Bh3 Bxh3 20. Rxh3 a6
21. Nd2 Ng8 22. Kd1 Nh6 23. Ke2 b5 24. f3 Nf7 25. f4 Rb8 26. b3 b4 27. Nd1 a5
28. Nb2 Na8 29. Na4 Nb6 30. Kd3 Nd7 31. Nf3 Nb6 32. Nd2 Nh6 33. Nxb6 Rxb6 34.
Rh1 Ra6 35. a4 Ra8 36. Ke2 Nf7 37. Kf3 Re8 38. Rh2 Nh6 39. Rh1 Nf7 40. Rh2 exf4
41. gxf4 g5 42. Rg2 Rh8 43. Kg3 Rh1 44. Kf2 Rc1 45. Rg3 Rc3 46. Rf3 gxf4 47.
Rxf4 Ne5 48. Ke2 Nd3 49. Rf3 Nc1+ 50. Kf2 Na2 51. Ke2 Rc2 52. Kd1 Rc1+ 53. Ke2
Nc3+ 54. Kd3 Rg1 55. Ke3 Rg2 56. Rf2 Nd1+ 57. Ke2 Nxf2 58. Kf1 Rg3 59. Kxf2 Rc3
60. Ke2 Kf7 61. Kf2 Kg6 62. Ke2 f5 63. exf5+ Kxf5 64. Kf2 Ke5 65. Ke2 Kd4 66.
Kd1 Kd3 0-1

[Event "C.to Regionale Piemonte"]
[Site "Torino ITA"]
[Date "2005.04.??"]
[Round "4"]
[White "Pulito, Alberto"]
[Black "Catana, Costel"]
[Result "1-0"]
[WhiteElo "2202"]
[BlackElo "2073"]
[PlyCount "127"]
[EventDate "2005.04.21"]

1. e4 c5 2. c3 Nf6 3. e5 Nd5 4. d4 cxd4 5. Nf3 e6 6. cxd4 d6 7. Nc3 dxe5 8.
Nxe5 Nd7 9. Bb5 Bb4 10. O-O O-O 11. Nxd5 exd5 12. Bxd7 Bxd7 13. Qb3 Bd6 14.
Qxd5 Bc6 15. Qb3 Bxe5 16. dxe5 Bd5 17. Qg3 Qb6 18. Be3 Qe6 19. a3 Rfe8 20. Bd4
Rad8 21. Bc3 Rd7 22. Rad1 Qf5 23. Rd4 Re6 24. Rf4 Qh5 25. Rg4 g6 26. Qf4 Rc7
27. Rh4 Rc4 28. Qxc4 Bxc4 29. Rxh5 Bxf1 30. Rh4 Bb5 31. Rf4 Kg7 32. f3 h5 33.
Kf2 a6 34. h3 Bc6 35. g4 hxg4 36. hxg4 Kg8 37. Kg3 Kg7 38. Kh4 Bd5 39. Kg3 Bc6
40. Rd4 g5 41. Rd8 Kh7 42. Rd2 Kg6 43. Rh2 Bd5 44. Rh8 Kg7 45. Rd8 Bc6 46. Kf2
Kh7 47. Rd3 Kg6 48. Re3 Kg7 49. Ba5 Re8 50. Rd3 Kg6 51. Bc3 Re6 52. Re3 Kh7 53.
Ke2 Bb5+ 54. Kf2 Kg6 55. Re1 Bc6 56. Rh1 Bd5 57. Rh5 Bc6 58. Bd4 Bd5 59. Be3
Rxe5 60. f4 Rf5 61. Rh2 Rxf4+ 62. Bxf4 gxf4 63. Rh5 f5 64. Rxf5 1-0

[Event "C.to Regionale Piemonte"]
[Site "Torino ITA"]
[Date "2005.04.??"]
[Round "5"]
[White "Pulito, Alberto"]
[Black "Castaldo, Folco"]
[Result "1/2-1/2"]
[WhiteElo "2202"]
[BlackElo "2361"]
[PlyCount "56"]
[EventDate "2005.04.21"]

1. e4 d6 2. d4 Nf6 3. Nc3 g6 4. f3 c6 5. Be3 b5 6. Qd2 Nbd7 7. Nh3 Bb7 8. Nf2
a6 9. g4 Nb6 10. h4 h5 11. O-O-O Bg7 12. Be2 Qc7 13. Rdg1 O-O-O 14. f4 e5 15.
gxh5 Nxh5 16. f5 exd4 17. Bxd4 Bxd4 18. Qxd4 gxf5 19. Rg5 Nf4 20. Rxf5 Ng6 21.
h5 Ne5 22. Ng4 c5 23. Qf2 Nbd7 24. Rf1 Kb8 25. Nd5 Qa5 26. Kb1 Nxg4 27. Bxg4
Ne5 28. Be2 Bc8 1/2-1/2

[Event "C.to Regionale Piemonte"]
[Site "Torino ITA"]
[Date "2005.04.??"]
[Round "5"]
[White "Racioppo, Paolo"]
[Black "De Barberis, Massimo"]
[Result "1/2-1/2"]
[WhiteElo "2199"]
[BlackElo "2095"]
[PlyCount "50"]
[EventDate "2005.04.21"]

1. f4 g6 2. Nf3 c6 3. e3 Bg7 4. Be2 d6 5. O-O b5 6. d3 Qb6 7. Kh1 Nf6 8. Qe1
Nbd7 9. Nc3 a6 10. e4 b4 11. Nd1 e5 12. Be3 c5 13. a3 Ng4 14. Bd2 bxa3 15. Rxa3
exf4 16. Bxf4 O-O 17. Rb3 Qc7 18. Qh4 Nde5 19. h3 Nxf3 20. Bxf3 Ne5 21. Ne3 Be6
22. Nd5 Bxd5 23. exd5 Rab8 24. Rxb8 Qxb8 25. b3 Qb4 1/2-1/2

[Event "C.to Regionale Piemonte"]
[Site "Torino ITA"]
[Date "2005.04.??"]
[Round "5"]
[White "Sorcinelli, Francesco"]
[Black "Ragni, Paolo"]
[Result "0-1"]
[WhiteElo "2088"]
[BlackElo "2105"]
[PlyCount "34"]
[EventDate "2005.04.21"]

1. d4 Nf6 2. Bg5 d5 3. Nc3 Nbd7 4. e3 e6 5. Qf3 Be7 6. O-O-O c5 7. g4 Qa5 8. h4
c4 9. Kb1 b5 10. Bxf6 gxf6 11. Nxd5 exd5 12. Qxd5 Nb6 13. Qe4 Be6 14. Qf4 Nd5
15. Qf3 c3 16. Qe2 Rb8 17. Ka1 cxb2+ 0-1

[Event "C.to Regionale Piemonte"]
[Site "Torino ITA"]
[Date "2005.04.??"]
[Round "5"]
[White "Stroppa, Daniel"]
[Black "Fortino, Fabrizio"]
[Result "1-0"]
[WhiteElo "2239"]
[BlackElo "1972"]
[PlyCount "51"]
[EventDate "2005.04.21"]

1. d4 Nf6 2. Nf3 g6 3. Nc3 d5 4. Bf4 c6 5. e3 Bg7 6. Be2 Bf5 7. Ne5 Nfd7 8. Qd2
Nxe5 9. Bxe5 f6 10. Bg3 Nd7 11. h4 e5 12. h5 Bh6 13. hxg6 hxg6 14. O-O-O Qe7
15. Rxh6 Rxh6 16. e4 Rh8 17. exf5 gxf5 18. f4 e4 19. Bf2 Rh2 20. Rg1 O-O-O 21.
Nd1 Rg8 22. Ne3 Qe6 23. Qa5 Kb8 24. Qe1 Rf8 25. g4 fxg4 26. f5 1-0

[Event "C.to Regionale Piemonte"]
[Site "Torino ITA"]
[Date "2005.04.??"]
[Round "6"]
[White "Castaldo, Folco"]
[Black "Racioppo, Paolo"]
[Result "1/2-1/2"]
[WhiteElo "2361"]
[BlackElo "2199"]
[PlyCount "29"]
[EventDate "2005.04.21"]

1. Nf3 f5 2. d3 d6 3. e4 e5 4. Nc3 Nc6 5. exf5 Bxf5 6. d4 Nxd4 7. Nxd4 exd4 8.
Qxd4 c6 9. Bd3 Bxd3 10. Qxd3 Nf6 11. Bg5 Be7 12. O-O-O O-O 13. Rhe1 Qd7 14. f4
Rae8 15. f5 1/2-1/2

[Event "C.to Regionale Piemonte"]
[Site "Torino ITA"]
[Date "2005.04.??"]
[Round "6"]
[White "De Barberis, Massimo"]
[Black "Pulito, Alberto"]
[Result "0-1"]
[WhiteElo "2095"]
[BlackElo "2202"]
[PlyCount "113"]
[EventDate "2005.04.21"]

1. e4 e6 2. d4 d5 3. e5 c5 4. c3 Nc6 5. Nf3 Bd7 6. a3 Qb6 7. b4 cxd4 8. cxd4
Rc8 9. Be3 Nge7 10. Bd3 Nf5 11. Bxf5 exf5 12. O-O a5 13. b5 Qxb5 14. Nc3 Qc4
15. Na4 Qa6 16. Qb3 Be6 17. Nb6 Rc7 18. Ng5 h6 19. Nxe6 fxe6 20. Rfc1 Be7 21.
Nxd5 exd5 22. Qxd5 Rd7 23. Qe6 Nd8 24. Qxf5 Qe6 25. Qe4 O-O 26. f4 Nc6 27. Rd1
Qd5 28. Qg6 Bd8 29. Rab1 Ne7 30. Qd3 Qe6 31. Rf1 Nf5 32. Bf2 Bb6 33. Rxb6 Qxb6
34. d5 Qd8 35. d6 Kh8 36. Qb3 Nxd6 37. exd6 Rxd6 38. Bc5 Rd3 39. Qxb7 Re8 40.
h3 Qd5 41. Qxd5 Rxd5 42. Bb6 Re2 43. Rf3 a4 44. Rg3 Kg8 45. Rc3 Rdd2 46. Rg3
Kf7 47. Bc5 g6 48. Kh2 h5 49. h4 Rc2 50. Bd6 Rb2 51. Rg5 Rf2 52. Kh3 Rb3+ 53.
Kh2 Rd2 54. Bb4 Rd4 55. f5 Rxh4+ 56. Kg1 Rb1+ 57. Kf2 0-1

[Event "C.to Regionale Piemonte"]
[Site "Torino ITA"]
[Date "2005.04.??"]
[Round "6"]
[White "Fortino, Fabrizio"]
[Black "Astengo, Marcello"]
[Result "0-1"]
[WhiteElo "1972"]
[BlackElo "2120"]
[PlyCount "72"]
[EventDate "2005.04.21"]

1. e4 e6 2. d4 d5 3. Nc3 Nf6 4. e5 Ng8 5. Be3 b6 6. f4 Ba6 7. Bxa6 Nxa6 8. Nf3
c5 9. O-O Nh6 10. h3 Nf5 11. Bf2 h5 12. g3 Be7 13. Ne2 g5 14. Kh2 g4 15. Nfg1
h4 16. gxh4 Bxh4 17. Ng3 Bxg3+ 18. Bxg3 Ne3 19. Qd3 Nxf1+ 20. Rxf1 Nb4 21. Qe2
gxh3 22. dxc5 bxc5 23. Qb5+ Qd7 24. Qxc5 Na6 25. Qd4 Rc8 26. c3 Qb5 27. Rf2 Nc5
28. b3 Ne4 29. Rf3 Qa5 30. a4 Rxc3 31. Rxc3 Qxc3 32. Qxc3 Nxc3 33. Nxh3 Ke7 34.
Bf2 a6 35. Kg2 Rb8 36. b4 Nxa4 0-1

[Event "C.to Regionale Piemonte"]
[Site "Torino ITA"]
[Date "2005.04.??"]
[Round "6"]
[White "Nardelli, Marco"]
[Black "Catana, Costel"]
[Result "1-0"]
[WhiteElo "2066"]
[BlackElo "2073"]
[PlyCount "59"]
[EventDate "2005.04.21"]

1. e4 c5 2. Nf3 d6 3. d4 cxd4 4. Nxd4 Nf6 5. Nc3 g6 6. Be3 a6 7. f3 Nc6 8. Qd2
Bg7 9. Bc4 Qc7 10. Bb3 O-O 11. O-O-O b5 12. Nxc6 Qxc6 13. Nd5 Qb7 14. Nxf6+
Bxf6 15. Bd5 Qb8 16. Bxa8 Qxa8 17. Bd4 e5 18. Be3 Be7 19. Bg5 f6 20. Bh6 Rf7
21. h4 Be6 22. Kb1 a5 23. Qe3 Qc6 24. Qa7 a4 25. Qb8+ Bc8 26. Rd5 a3 27. Qxb5
Qxb5 28. Rxb5 Bd8 29. Rb8 Rc7 30. Be3 1-0

[Event "C.to Regionale Piemonte"]
[Site "Torino ITA"]
[Date "2005.04.??"]
[Round "6"]
[White "Ragni, Paolo"]
[Black "Faraoni, Enrico"]
[Result "1-0"]
[WhiteElo "2105"]
[BlackElo "2151"]
[PlyCount "79"]
[EventDate "2005.04.21"]

1. Nf3 Nf6 2. g3 g6 3. Bg2 Bg7 4. O-O O-O 5. c4 d6 6. Nc3 Nbd7 7. d4 e5 8. dxe5
dxe5 9. Qc2 c6 10. e4 Qc7 11. b3 Re8 12. Bb2 a5 13. Rac1 Nc5 14. Rcd1 Bg4 15.
h3 Bxf3 16. Bxf3 Ne6 17. Ne2 c5 18. Rd2 Nd4 19. Nxd4 exd4 20. Bg2 Nh5 21. Rd3
Nf6 22. Re1 Nd7 23. Rdd1 g5 24. Bc1 h6 25. f4 Ra6 26. e5 gxf4 27. gxf4 Rg6 28.
Kh1 Kh8 29. Rg1 Qc8 30. Be4 Nxe5 31. fxe5 Qxh3+ 32. Qh2 Qxh2+ 33. Kxh2 Bxe5+
34. Kh3 Rf6 35. Rdf1 Rxf1 36. Rxf1 Rg8 37. Rxf7 Rg3+ 38. Kh4 d3 39. Bxh6 Bd6
40. Rd7 1-0

[Event "C.to Regionale Piemonte"]
[Site "Torino ITA"]
[Date "2005.04.??"]
[Round "6"]
[White "Sorcinelli, Francesco"]
[Black "Tacchino, Stefano"]
[Result "0-1"]
[WhiteElo "2088"]
[BlackElo "2097"]
[PlyCount "120"]
[EventDate "2005.04.21"]

1. e4 c5 2. Nf3 Nc6 3. Bb5 e6 4. O-O Nge7 5. Nc3 Nd4 6. Nxd4 cxd4 7. Ne2 Nc6 8.
d3 Bc5 9. c3 O-O 10. Qa4 dxc3 11. bxc3 f5 12. d4 Bb6 13. exf5 Rxf5 14. Bd3 Rf7
15. Qc2 g6 16. Ng3 d5 17. Qd2 Bd7 18. Qh6 Qf8 19. Qxf8+ Raxf8 20. Bh6 Rc8 21.
Rae1 Na5 22. Ne2 Nc4 23. g3 Nb2 24. Bc2 Bb5 25. Bb3 Ba5 26. Nf4 Bxf1 27. Kxf1
Nc4 28. Rxe6 Nd2+ 29. Ke2 Nxb3 30. axb3 Rd7 31. b4 Bc7 32. Nd3 Bd6 33. Kd2 Kf7
34. Re3 Rdc7 35. Ne5+ Bxe5 36. dxe5 Ke6 37. f4 Rc4 38. g4 d4 39. Rd3 dxc3+ 40.
Kc2 Re4 41. Rd6+ Ke7 42. Bg5+ Ke8 43. Re6+ Kf8 44. f5 Rxg4 45. Bh6+ Kf7 46.
Rf6+ Kg8 47. e6 Rg2+ 48. Kd3 Rxh2 49. Bf4 gxf5 50. Bxh2 c2 51. Bf4 c1=Q 52.
Bxc1 Rxc1 53. e7 Rc8 54. Rxf5 Re8 55. Rg5+ Kf7 56. Rh5 Kg6 57. Re5 Kf6 58. Ra5
a6 59. b5 axb5 60. Rxb5 Rxe7 0-1